| 000 | 00823nam a22001937a 4500 | ||
|---|---|---|---|
| 003 | OSt | ||
| 005 | 20170424092615.0 | ||
| 008 | 150407b xxu||||| |||| 00| 0 eng d | ||
| 040 | _cCRI | ||
| 082 | _a370.11 | ||
| 100 |
_941077 _aZavaleta de Quezada, Ruth Verónica |
||
| 245 | 1 | 0 |
_aAprendizajes significativos para el desarrollo de competencias profesionales _b: Investigación _cRuth Verónica Zavaleta de Quezada |
| 260 |
_aIlobasco (Cabañas) _bUniversidad Católica de El Salvador _c2012 |
||
| 300 |
_a73 p. _c27 cm _e+ 1 disco compacto |
||
| 502 | _aTrabajo de graduación para optar al grado académico de Maestro/a en asesoría educativa | ||
| 650 | 0 |
_9749 _aEducación basada en competencias |
|
| 710 |
_940915 _aUniversidad Católica de El Salvador _bCentro Regional de Ilobasco |
||
| 942 |
_2ddc _cTG _hprozim |
||
| 999 |
_c27566 _d27566 |
||